Normal view
MARC view
- Green, P.R Courtney
Entry Personal Name
001 - CONTROL NUMBER
- control field: 68092
003 - CONTROL NUMBER IDENTIFIER
- control field: NUST
005 - DATE AND TIME OF LATEST TRANSACTION
- control field: 20210628203954.0
008 - FIXED-LENGTH DATA ELEMENTS
- fixed length control field: 210628|| aca||aabn | a|a d
040 ## - CATALOGING SOURCE
- Original cataloging agency: NUST
- Transcribing agency: NUST
100 ## - HEADING--PERSONAL NAME
- Personal name: Green, P.R Courtney
670 ## - SOURCE DATA FOUND
- Source citation: Work cat.: (NUST): Green, P.R Courtney, Ammunition for the land battle, 1991
